|
|
|
|
| LEADER |
00000nam0a2200000 4500 |
| 001 |
363742 |
| 005 |
20231102011623.0 |
| 035 |
|
|
|a (RuTPU)RU\TPU\retro\21089
|
| 090 |
|
|
|a 363742
|
| 100 |
|
|
|a 20211011d1981 m y0rusy50 ca
|
| 101 |
0 |
|
|a rus
|
| 102 |
|
|
|a RU
|
| 105 |
|
|
|a a z 000zy
|
| 200 |
1 |
|
|a Тайны памяти
|f Б. Ф. Сергеев
|
| 205 |
|
|
|a 2-е изд.
|
| 210 |
|
|
|a Москва
|c Молодая гвардия
|d 1981
|
| 215 |
|
|
|a 272 с.
|c ил.
|
| 225 |
1 |
|
|a Эврика
|
| 606 |
1 |
|
|a Память
|x Психология
|x Тренировка
|x Психофизические основы
|x Расстройства
|x Развитие
|2 stltpush
|3 (RuTPU)RU\TPU\subj\48049
|9 66928
|
| 610 |
1 |
|
|a мозг
|
| 610 |
1 |
|
|a развитие
|
| 610 |
1 |
|
|a творческая деятельность
|
| 610 |
1 |
|
|a речь
|
| 610 |
1 |
|
|a социальное начало
|
| 610 |
1 |
|
|a биологическое поведение
|
| 686 |
|
|
|a Ю935.12
|v LBC/SL-A
|2 rubbk
|
| 700 |
|
1 |
|a Сергеев
|b Б. Ф.
|g Борис Федорович
|
| 801 |
|
1 |
|a RU
|b 63413507
|c 20211011
|
| 942 |
|
|
|c BK
|